000 00471nam a2200193Ia 4500
008 151119s9999||||xx |||||||||||||| ||und||
082 _a891.463
082 _bGKKV149
100 _aदेसाई रणजीत
245 _aबारी
260 _a--
260 _b--
260 _c1977
600 _aदेसाई रणजीत
630 _aबारी
700 _aदेसाई रणजीत
730 _aबारी
942 _cBOOK
999 _c1057030
_d1057027